Palace of Westminster restoration and renewal programme independent options (Record no. 115459)

MARC details
000 -LEADER
fixed length control field 01930cam a22002415a 4500
001 - CONTROL NUMBER
control field L158690
008 - FIXED-LENGTH DATA ELEMENTS--GENERAL INFORMATION
fixed length control field 150619s2014 xxk f 000 0 eng d
035 ## - SYSTEM CONTROL NUMBER
System control number (Sirsi) u158690
041 0# - LANGUAGE CODE
Language code of text/sound track or separate title eng
110 2# - MAIN ENTRY--CORPORATE NAME
Corporate name or jurisdiction name as entry element Deloitte
9 (RLIN) 5633
240 ## - UNIFORM TITLE
Uniform title Independent Options Appraisal
245 00 - TITLE STATEMENT
Title Palace of Westminster restoration and renewal programme independent options
Remainder of title Final Report
260 ## - PUBLICATION, DISTRIBUTION, ETC.
Place of publication, distribution, etc. London
Name of publisher, distributor, etc. Deloitte
Date of publication, distribution, etc. 2014
520 ## - SUMMARY, ETC.
Summary, etc. Two part report setting out three independently produced, costed options to enable Parliament to reach a decision on the means of restoring and renewing the Palace of Westminster. The three suggested delivery options include 1) continuing repairs and replacement of the fabric and systems of the Palace over a significant period of time 2)A defined, rolling programme of more substantial repairs and replacement over a long period, but still working around continued use of the Palace and 3) scheduling works over a more concentrated period with parliamentary activities moved elsewhere to allow unrestricted access for the delivery of works. The proposals differ on time and costs. A new Joint Select Committee of the two Houses is now expected to be formed to review and consider the findings of the report. The Committee will recommend a preferred way forward, with a decision in principle expected to be made by members of both Houses in spring 2016. Part 1 includes Executive Summary, Glossary of terms used in report and detailed breakdown of the proposed delivery options. Part 2 contains supporting documentation.
590 ## - LOCAL NOTE (RLIN)
Local note KA
650 24 - SUBJECT ADDED ENTRY--TOPICAL TERM
Topical term or geographic name entry element PALACE OF WESTMINSTER
650 24 - SUBJECT ADDED ENTRY--TOPICAL TERM
Topical term or geographic name entry element HOUSES OF PARLIAMENT
651 #4 - SUBJECT ADDED ENTRY--GEOGRAPHIC NAME
Geographic name London
690 ## - LOCAL SUBJECT ADDED ENTRY--TOPICAL TERM (OCLC, RLIN)
Topical term or geographic name as entry element Conservation and restoration
710 1# - ADDED ENTRY--CORPORATE NAME
Corporate name or jurisdiction name as entry element AECOM
856 40 - ELECTRONIC LOCATION AND ACCESS
Uniform Resource Identifier <a href="https://www.restorationandrenewal.parliament.uk/IOA-report.html#report-list-supporting">https://www.restorationandrenewal.parliament.uk/IOA-report.html#report-list-supporting</a>
Public note View the item free of charge from the www.restorationandrenewal.parliament.uk
942 ## - ADDED ENTRY ELEMENTS (KOHA)
Suppress in OPAC 0
Holdings
Withdrawn status Lost status Source of classification or shelving scheme Damaged status Not for loan Home library Current library Shelving location Date acquired Total Checkouts Full call number Barcode Date last seen Copy number Price effective from Koha item type
    Dewey Decimal Classification     Virtual Virtual Online 19/06/2015   ONLINE PUBLICATION 158690-2001 06/08/2019 1 06/08/2019 Book